The Agricultural Revolution in Prehistory : (Record no. 601563)

MARC details
000 -LEADER
fixed length control field 00500nam a2200193 a 4500
008 - FIXED-LENGTH DATA ELEMENTS--GENERAL INFORMATION
fixed length control field 251208s2009##################000#0#eng##
020 ## - INTERNATIONAL STANDARD BOOK NUMBER
ISBN 9780199559954
082 04 - DEWEY DECIMAL CLASSIFICATION NUMBER
Classification number 630.93
Item number BAR
100 1# - MAIN ENTRY--AUTHOR NAME
Personal name Barker, Graeme,
245 10 - TITLE STATEMENT
Title The Agricultural Revolution in Prehistory :
260 ## - PUBLICATION, DISTRIBUTION, ETC. (IMPRINT)
Name of publisher Oxford University Press, USA,
Year of publication 2009.
300 ## - PHYSICAL DESCRIPTION
Number of Pages 615 pages
650 #0 - SUBJECT ADDED ENTRY--TOPICAL TERM
Topical Term Gardening.
942 ## - ADDED ENTRY ELEMENTS (KOHA)
Koha item type English Books
Holdings
Withdrawn status Lost status Damaged status Not for loan Home library Current library Shelving location Date acquired Full call number Accession Number Price effective from Koha item type
        Anna Centenary Library Anna Centenary Library 6TH FLOOR, A WING 08.12.2025 630.93 BAR 141112 08.12.2025 English Books

Find us on the map